000 00935cam a2200181 4500
001 ##L136147
008 070115n2003 000 0 eng u
035 _a(Sirsi) u136147
041 0 _aeng
050 0 4 _a692.5 $2 18
110 2 _aRoyal Institution of Chartered Surveyors
_bConstruction Faculty
_94214
245 0 0 _aSurveyor in construction
260 _aLondon
_bRICS
_c2003
520 _aSummarises the different roles for surveyors working in construction. The majority of surveyors in this field are quantity surveyors, although this role has expanded into other areas. These include working as construction manager, consultant, or contracting quantity surveyor. Concludes by highlighting the different skills quantity surveyors use.
690 _aQuantity surveying
_96263
856 4 8 _uhttps://www.rics.org/RICSWEB/getpage.aspx?p=aIN0WMNFB0qmkQk-3C6Egw
_zView the information free of charge at www.rics.org...
942 _n0
999 _c106331
_d106331